| 000 | 01861cam a2200253 4500 | ||
|---|---|---|---|
| 001 | X121205 | ||
| 008 | 030203n2002 000 0 eng u | ||
| 035 | _a(Sirsi) u121205 | ||
| 100 | _aFourie, C. | ||
| 245 | _aLand management, land administration and geospatial data: exploring the conceptual linkages in the developing world | ||
| 260 | _c2002 | ||
| 490 |
_aGeomatica _v56(4) 2002, 351-361(11) |
||
| 520 | _aIn considering the developing world it serves little purpose to link land administration to geospatial data infrastructures (GDIs) without taking into account land management. A wider, institutionally based focus is necessary to analyse the multiple local initiatives and large-scale informal land management/administration being undertaken. A focus on land management/administration organisations linked to the cadastre is necessary but not sufficient. There is a wide range of other institutions undertaking land management/administration each with their own form of LIS/GIS, using a range of spatial units. Consequently, the definition of GDI for a developing country should differ from that of a developed country's GDI. It should be institutionally based, and accommodate multiple institutions and a range of spatial units. In terms of this thinking, a range of research questions are posed about inter-operability, accuracy and coordinates, legal and regulatory frameworks, cost and affordability, and appropriate GDIs for conditions in the developing world. References and bibliography [Taken from journal headnote]. | ||
| 650 | _aLAND MANAGEMENT | ||
| 650 | _aLAND ADMINISTRATION | ||
| 650 | _aGEOSPATIAL DATA INFRASTRUCTURES | ||
| 650 | _aCADASTRAL SURVEYING | ||
| 650 | _aGIS | ||
| 650 | _aDEVELOPING COUNTRIES | ||
| 690 | _aMAPPING AND MEASUREMENT-GIS | ||
| 700 | _aMolen, P. van de | ||
| 700 | _aGroot, R. | ||
| 942 | _n0 | ||
| 999 |
_c72025 _d72025 |
||